Central Library OPAC University of Rajshahi

Effect of Dexamethasone as an intracanal medicament on pain during Root Canal treatment / (Record no. 75366)

MARC details
000 -LEADER
fixed length control field 01231ntm a2200313 a 4500
001 - CONTROL NUMBER
control field 75366
003 - CONTROL NUMBER IDENTIFIER
rucl marc code BD-RjUL
005 - DATE AND TIME OF LATEST TRANSACTION
control field 20211209082659.0
008 - FIXED-LENGTH DATA ELEMENTS--GENERAL INFORMATION
fixed length control field 190325s2017 bg a|||| m||| 00| 0 eng d
035 ## - SYSTEM CONTROL NUMBER
System control number (BD-RjUL)75584
040 ## - CATALOGING SOURCE
Original cataloging agency BD-RjUL
Language of cataloging eng
Transcribing agency BD-RjUL
Modifying agency BD-RjUL
041 ## - LANGUAGE CODE
Language code of text/sound track or separate title eng
082 ## - DEWEY DECIMAL CLASSIFICATION NUMBER
Edition number 23
Classification number 617.6342059
Author mark and year ALE 2017
100 1# - MAIN ENTRY--PERSONAL NAME
Personal name Alam, Md. Monirul
9 (RLIN) 229624
245 10 - TITLE STATEMENT
Title Effect of Dexamethasone as an intracanal medicament on pain during Root Canal treatment /
Statement of responsibility, etc. by Md. Monirul Alam
Linkage Principal Suvervisor : K. A. M. Shahadat Hossain Mondal ; Co-Supervisor: Sharifa Begum
260 ## - PUBLICATION, DISTRIBUTION, ETC. (IMPRINT)
Place of publication, distribution, etc. Rajshahi:
Name of publisher, distributor, etc. Institute of Biologial Sciences, R. U.
Date of publication, distribution, etc. 2017
300 ## - PHYSICAL DESCRIPTION
Pagination xix, 138 leaves:
Illustrations Ill. ;
Size 29 cm.
502 ## - DISSERTATION NOTE
Dissertation note Thesis (M. Phil.) -- Institute of Biologial Sciences, R. U. , 2017
504 ## - BIBLIOGRAPHY, ETC. NOTE
Bibliography, etc References: Leaves 108-124
600 ## - SUBJECT ADDED ENTRY--PERSONAL NAME
Titles and other words associated with a name
650 ## - SUBJECT ADDED ENTRY--TOPICAL TERM
Topical term or geographic name as entry element Root canal therapy.
9 (RLIN) 229627
Topical term or geographic name as entry element Teeth
General subdivision Care and hygiene.
9 (RLIN) 39934
Source of heading or term
Topical term or geographic name as entry element Endodontics.
9 (RLIN) 229628
Topical term or geographic name as entry element Dental Pharmacology
9 (RLIN) 31844
Topical term or geographic name as entry element Pain
General subdivision Treatment.
9 (RLIN) 244320
700 ## - ADDED ENTRY--PERSONAL NAME
Personal name Mondal, K. A. M. Shahadat Hossain, Principal Suvervisor
Personal name Begum, Sharifa, Co-Supervisor
942 ## - ADDED ENTRY ELEMENTS (KOHA)
Source of classification or shelving scheme Dewey Decimal Classification
Koha item type Theses
Holdings
Lost status Source of classification or shelving scheme Damaged status Not for loan Collection code Permanent Location Current Location Shelving location Date acquired Source of acquisition Total Checkouts Full call number Date last seen Copy number Koha item type
  Dewey Decimal Classification   Not For Loan Theses Central Library, University of Rajshahi Central Library, University of Rajshahi Documentation Section 24/03/2019 Controller of Examination Office, R. U.   THE 617.6342059 ALE 2017 25/03/2019 C-1 Theses